| 000 | 01058nam a2200289Ia 4500 | ||
|---|---|---|---|
| 003 | OSt | ||
| 005 | 20221005110553.0 | ||
| 006 | a|||||r|||| 00| 0 | ||
| 007 | ta | ||
| 008 | 221004b |||||||| |||| 00| 0 hin d | ||
| 020 |
_a8126310014 (hbk) _cINR 300.00 |
||
| 024 | _a37764 | ||
| 037 |
_bBW/1688, 15/03/2018, Bookwell _cTextual |
||
| 040 |
_aCRL _cCRL _bhin |
||
| 041 |
_2hin _ahin |
||
| 082 | _aO152,3N26,GG, Q7 | ||
| 100 | _aजैन, नीरज, ले. | ||
| 245 | 0 | _aगोमटेश - गाथा | |
| 246 | _aGomaṭesh - gāthā | ||
| 260 |
_aनई दिल्ली _bभारतीय ज्ञानपीठ भारत _c2017 |
||
| 300 |
_a206पृ0 _ccm. |
||
| 490 | _aलोकोदय ग्रन्थमाला; ग्रन्थांक 413 | ||
| 650 | _a हिन्दी साहित्य | ||
| 650 | _aहिन्दी कहानी | ||
| 942 |
_hO152,3N26,GG, Q7 _cTEXL _2cc |
||
| 999 |
_c1019243 _d1019243 |
||